000 00654nam a2200229Ia 4500
005 20241129110011.0
008 241129s9999||||xx |||||||||||||| ||und||
020 _a978-1-80079-039-1
037 _aTB
040 _aARTS
_beng
_cARTS
041 _aeng
_2eng
084 _aX:8 R2
_qARTS
100 _aMurherjee Sanjoy Au.
_9726801
245 0 _aLooking east: Indian isdom for modern management
_cMurherjee Sanjoy Au.
260 _aOxford, UK
_bOxford Peter Lang
_c2023
300 _alii,350p.
365 _aUKP
_b46
490 _aFrontiers of business ethics; 14
650 _aEconomics
942 _cTB
_hX:8 R2
999 _c1226935
_d1226935